V. Blasco Ibáñez (Record no. 120486)

MARC details
000 -LEADER
campo de control de longitud fija 00570nam a2200181 i 4500
001 - NÚMERO DE CONTROL
campo de control 120486
003 - IDENTIFICADOR DE NÚMERO DE CONTROL
campo de control ES-MaACL
005 - FECHA Y HORA DE LA ÚLTIMA TRANSACCIÓN
campo de control 20250921063031.0
007 - CAMPO FIJO DE DESCRIPCIÓN FÍSICA--INFORMACIÓN GENERAL
campo de control de longitud fija t|
008 - DATOS DE LONGITUD FIJA--INFORMACIÓN GENERAL
campo de control de longitud fija 070214s1921 fr r ||||1| fre d
100 1# - ENTRADA PRINCIPAL--NOMBRE DE PERSONA
Nombre de persona Pitollet, Camille,
Fechas asociadas al nombre 1874-1964
9 (RLIN) 92417
245 10 - MENCIÓN DEL TÍTULO
Título V. Blasco Ibáñez
Resto del título : ses romans et le roman de sa vie /
Mención de responsabilidad, etc. Camille Pitollet.
260 ## - PUBLICACIÓN, DISTRIBUCIÓN, ETC.
Lugar de publicación, distribución, etc. Paris :
Nombre del editor, distribuidor, etc. Calmann-Lévy,
Fecha de publicación, distribución, etc. 1921.
300 ## - DESCRIPCIÓN FÍSICA
Extensión 323 p. :
Otras características físicas il. ;
Dimensiones 19 x 12 cm.
600 14 - PUNTO DE ACCESO ADICIONAL DE MATERIA--NOMBRE DE PERSONA
Nombre de persona Blasco Ibáñez, Vicente,
Fechas asociadas al nombre 1867-1928
9 (RLIN) 29388
852 ## - LOCALIZACIÓN
Ubicación ES-MaACL
Número de control de estantería F-2550
Holdings
Estatus retirado Estado de pérdida Estado de daño No para préstamo Biblioteca de origen Biblioteca actual Ubicación en estantería Fecha de adquisición Fuente de adquisición Total de préstamos Signatura topográfica completa Código de barras Visto por última vez Precio de reemplazo Tipo de ítem Koha
        Biblioteca del Ateneo de Madrid Biblioteca del Ateneo de Madrid Depósito 2 17/01/2008     F-2550 1125589 23/02/2023 23/02/2023 Libro impreso